000 00940cam a22002175a 4500
001 L137925
008 070508s2005 xxk f 100 0 eng d
035 _a(Sirsi) u137925
041 0 _aeng
100 1 _aGuan, L.
245 0 0 _aImplication of global warming on air-conditioned office buildings in Australia
_h[electronic resource]
260 _c2005
490 0 _aCOBRA
_v2005
520 _aDiscusses how the increased cooling loads imposed by potential global warming and probable indoor temperature increases due to possible undersized air-conditioning systems.
651 4 _aAUSTRALIA
690 _aBUILT ENVIRONMENT-BUILDING ELEMENTS-COMPLETE BUILDING SERVICES ELEMENTS-COMPLETE HEATING, VENTILATION AND AIR CONDITIONING SYSTEMS
700 1 _aYang, J.
700 1 _aBell, J.M.
856 4 0 _uhttps://www.rics.org/site/scripts/download_info.aspx?downloadID=1735
_zView the item free of charge at www.rics.org...
942 _n0
999 _c106937
_d106937